| 000 | 00980cam a2200277 4500 | ||
|---|---|---|---|
| 001 | gs 68000207 | ||
| 003 | DLC | ||
| 005 | 20260227111422.0 | ||
| 008 | 690523s1967 dcub b 00010 eng c | ||
| 010 | _ags 68000207 //r933 | ||
| 040 |
_aU.S. Geol. Survey. Library _cDLC _dDLC |
||
| 043 | _an-us-nv | ||
| 050 | 0 | 0 |
_aQE75 _b.C5 no. 549 |
| 051 |
_aQE138.E4 _bC6 _cCopy 2. |
||
| 082 | 0 | 0 | _a553/.09793/16 |
| 100 | 1 | 0 |
_aCoats, Robert Roy, _d1910- |
| 245 | 1 | 0 |
_aEconomic significance of revised age relations of rocks in the Cornucopia mining district, Elko County, Nevada, _cby R. R. Coats. |
| 260 | 0 |
_aWashington, _bU.S. Dept. of the Interior, _c1967. |
|
| 300 |
_aiii, 4 p. _bmaps. _c27 cm. |
||
| 490 | 1 | _aGeological Survey circular 549 | |
| 504 | _aBibliography: p. 4. | ||
| 650 | 0 |
_aGeology _zNevada _zElko County. |
|
| 650 | 0 |
_aOre deposits _zNevada _zElko County. |
|
| 740 | 1 | _aCornucopia mining district, Elko County, Nevada. | |
| 830 | 0 |
_aGeological Survey circular ; _v549. |
|
| 999 |
_c30446 _d30446 |
||